<?xml version="1.0" encoding="UTF-8"?>
<collection xmlns="http://www.loc.gov/MARC21/slim">
 <record>
  <leader>01875nam a22002537a 4500</leader>
  <controlfield tag="001">NCT_65765</controlfield>
  <controlfield tag="008">190810b        xxu||||| |||| 00| 0 vie d</controlfield>
  <datafield tag="999" ind1=" " ind2=" ">
   <subfield code="c">3183</subfield>
   <subfield code="d">3183</subfield>
  </datafield>
  <datafield tag="020" ind1=" " ind2=" ">
   <subfield code="c">105000</subfield>
  </datafield>
  <datafield tag="082" ind1="0" ind2="4">
   <subfield code="2">23rd ed.</subfield>
   <subfield code="a">624.15136</subfield>
   <subfield code="b">U527</subfield>
  </datafield>
  <datafield tag="100" ind1="1" ind2=" ">
   <subfield code="a">Nguyễn Uyên</subfield>
  </datafield>
  <datafield tag="245" ind1="1" ind2="0">
   <subfield code="a">Bài tập địa chất cơ học đất và nền móng công trình</subfield>
   <subfield code="c">Nguyễn Uyên</subfield>
  </datafield>
  <datafield tag="250" ind1=" " ind2=" ">
   <subfield code="a">Tái bản</subfield>
  </datafield>
  <datafield tag="260" ind1=" " ind2=" ">
   <subfield code="a">H.</subfield>
   <subfield code="b">Xây dựng</subfield>
   <subfield code="c">2012</subfield>
  </datafield>
  <datafield tag="300" ind1=" " ind2=" ">
   <subfield code="a">343 tr.</subfield>
   <subfield code="b">minh họa</subfield>
   <subfield code="c">27cm</subfield>
  </datafield>
  <datafield tag="520" ind1="3" ind2=" ">
   <subfield code="a">Cuốn sách tổng hợp bài tập thực hành, bài tập minh họa...nhằm hệ thống và củng cố kiến thức của ba môn học: địa chất, cơ học đất và nền móng công trình. Nội dung sách cập nhật các nghiên cứu mới nhất về địa chất, địa kĩ thuật của các nước tiên tiến trên thế giới.</subfield>
  </datafield>
  <datafield tag="653" ind1=" " ind2=" ">
   <subfield code="a">Kỹ thuật công trình xây dựng</subfield>
  </datafield>
  <datafield tag="942" ind1=" " ind2=" ">
   <subfield code="2">ddc</subfield>
   <subfield code="c">BK</subfield>
  </datafield>
  <datafield tag="952" ind1=" " ind2=" ">
   <subfield code="0">0</subfield>
   <subfield code="1">0</subfield>
   <subfield code="2">ddc</subfield>
   <subfield code="4">0</subfield>
   <subfield code="6">624_151360000000000_U527</subfield>
   <subfield code="7">0</subfield>
   <subfield code="9">17188</subfield>
   <subfield code="a">000001</subfield>
   <subfield code="b">000001</subfield>
   <subfield code="d">2019-08-10</subfield>
   <subfield code="o">624.15136 U527</subfield>
   <subfield code="p">MD.15659</subfield>
   <subfield code="r">2019-08-10</subfield>
   <subfield code="v">105000.00</subfield>
   <subfield code="w">2019-08-10</subfield>
   <subfield code="y">BK</subfield>
  </datafield>
  <datafield tag="952" ind1=" " ind2=" ">
   <subfield code="0">0</subfield>
   <subfield code="1">0</subfield>
   <subfield code="2">ddc</subfield>
   <subfield code="4">0</subfield>
   <subfield code="6">624_151360000000000_U527</subfield>
   <subfield code="7">0</subfield>
   <subfield code="9">17189</subfield>
   <subfield code="a">000001</subfield>
   <subfield code="b">000001</subfield>
   <subfield code="d">2019-08-10</subfield>
   <subfield code="l">1</subfield>
   <subfield code="o">624.15136 U527</subfield>
   <subfield code="p">MD.15660</subfield>
   <subfield code="r">2022-02-11</subfield>
   <subfield code="s">2021-04-27</subfield>
   <subfield code="v">105000.00</subfield>
   <subfield code="w">2019-08-10</subfield>
   <subfield code="y">BK</subfield>
  </datafield>
  <datafield tag="952" ind1=" " ind2=" ">
   <subfield code="0">0</subfield>
   <subfield code="1">0</subfield>
   <subfield code="2">ddc</subfield>
   <subfield code="4">0</subfield>
   <subfield code="6">624_151360000000000_U527</subfield>
   <subfield code="7">0</subfield>
   <subfield code="9">17190</subfield>
   <subfield code="a">000001</subfield>
   <subfield code="b">000001</subfield>
   <subfield code="d">2019-08-10</subfield>
   <subfield code="o">624.15136 U527</subfield>
   <subfield code="p">MD.15661</subfield>
   <subfield code="r">2019-08-10</subfield>
   <subfield code="v">105000.00</subfield>
   <subfield code="w">2019-08-10</subfield>
   <subfield code="y">BK</subfield>
  </datafield>
  <datafield tag="952" ind1=" " ind2=" ">
   <subfield code="0">0</subfield>
   <subfield code="1">0</subfield>
   <subfield code="2">ddc</subfield>
   <subfield code="4">0</subfield>
   <subfield code="6">624_151360000000000_U527</subfield>
   <subfield code="7">0</subfield>
   <subfield code="9">17191</subfield>
   <subfield code="a">000001</subfield>
   <subfield code="b">000001</subfield>
   <subfield code="d">2019-08-10</subfield>
   <subfield code="o">624.15136 U527</subfield>
   <subfield code="p">MD.15662</subfield>
   <subfield code="r">2019-08-10</subfield>
   <subfield code="v">105000.00</subfield>
   <subfield code="w">2019-08-10</subfield>
   <subfield code="y">BK</subfield>
  </datafield>
  <datafield tag="952" ind1=" " ind2=" ">
   <subfield code="0">0</subfield>
   <subfield code="1">0</subfield>
   <subfield code="2">ddc</subfield>
   <subfield code="4">0</subfield>
   <subfield code="6">624_151360000000000_U527</subfield>
   <subfield code="7">0</subfield>
   <subfield code="9">17192</subfield>
   <subfield code="a">000001</subfield>
   <subfield code="b">000001</subfield>
   <subfield code="d">2019-08-10</subfield>
   <subfield code="o">624.15136 U527</subfield>
   <subfield code="p">MD.15663</subfield>
   <subfield code="r">2019-08-10</subfield>
   <subfield code="v">105000.00</subfield>
   <subfield code="w">2019-08-10</subfield>
   <subfield code="y">BK</subfield>
  </datafield>
  <datafield tag="980" ind1=" " ind2=" ">
   <subfield code="a">Thư viện Trường Đại học Nam Cần Thơ</subfield>
  </datafield>
 </record>
</collection>
